| 000 | 00523nam a2200205Ia 4500 | ||
|---|---|---|---|
| 003 | OSt | ||
| 005 | 20221006153556.0 | ||
| 006 | a|||||r|||| 00| 0 | ||
| 007 | ta | ||
| 008 | 221006b |||||||| |||| 00| 0 chi d | ||
| 024 | _a32,752 | ||
| 037 |
_bGift, PRC _cVideo |
||
| 040 |
_aEASL _cEASL _bchi |
||
| 041 |
_2chi _achi |
||
| 245 | 0 |
_aSong ci san bai shou _b Three hundred song poems |
|
| 260 |
_aBeijing _bBeijing Unviersity Press |
||
| 300 |
_a CD _ccm. |
||
| 942 |
_cAUD _2CC |
||
| 999 |
_c1100838 _d1100838 |
||